Principles and practice of yoga in health care / (Record no. 51385)

MARC details
000 -LEADER
fixed length control field 00636nam a2200229Ia 4500
005 - DATE AND TIME OF LATEST TRANSACTION
control field 20260429111917.0
008 - FIXED-LENGTH DATA ELEMENTS--GENERAL INFORMATION
fixed length control field 260429s9999||||xx |||||||||||||| ||und||
020 ## - INTERNATIONAL STANDARD BOOK NUMBER
International Standard Book Number 9789386602558
041 ## - LANGUAGE CODE
Language English
082 ## - DEWEY DECIMAL CLASSIFICATION NUMBER
Classification number 613.0746
Item number KHA
100 ## - MAIN ENTRY--PERSONAL NAME
Personal name Khalsa, Sat Bir Singh
245 #0 - TITLE STATEMENT
Title Principles and practice of yoga in health care /
Statement of responsibility, etc Sat Bir Singh Khalsa
260 ## - PUBLICATION, DISTRIBUTION, ETC. (IMPRINT)
Place of publication, distribution, etc New Delhi :
Name of publisher, distributor, etc Sage Publications,
Date of publication, distribution, etc 2017.
300 ## - PHYSICAL DESCRIPTION
Extent xxviii, 538 p.; pbk
650 ## - SUBJECT ADDED ENTRY--TOPICAL TERM
Topical term or geographic name as entry element Health care
650 ## - SUBJECT ADDED ENTRY--TOPICAL TERM
Topical term or geographic name as entry element Yoga therapy
650 ## - SUBJECT ADDED ENTRY--TOPICAL TERM
Topical term or geographic name as entry element Yoga
700 ## - ADDED ENTRY--PERSONAL NAME
Personal name Cohen, Lorenzo
700 ## - ADDED ENTRY--PERSONAL NAME
Personal name Mccall, Timothy
700 ## - ADDED ENTRY--PERSONAL NAME
Personal name Telles, Shirley
942 ## - ADDED ENTRY ELEMENTS (KOHA)
Koha item type Text Books
Holdings
Withdrawn status Lost status Damaged status Not for loan Collection code Home library Location Shelving location Date of Cataloging Source of acquisition Total Checkouts Full call number Barcode Date last seen Price effective from Koha item type
        Non-fiction CUTN Central Library CUTN Central Library Medicine, Technology & Management 29/04/2026 Shanti Books, Chennai - Invoice No. 3100 on 09-02-2026   613.0746 KHA 56351 29/04/2026 29/04/2026 Text Books